Petunjuk hidup berkualiti : nasihat & peringatan Khulafaur Rasyidin bagi membina generasi yang gemilang dan terbilang

Bibliographic Details
Main Author: Al-Afifi, Syikh Thaha Abdullah
Format: Book
Published: Kuala Lumpur : Jasmin Enterprise , 2005
Series:Penjana kemantapan rohani dan intelektual
Subjects:

MARC

LEADER 00000cam a2200000 7i4500
001 0000012698
005 20080318.0
008 071228
020 |a 9833423183 
090 0 0 |a 297.4   |b AFI 
100 1 |a Al-Afifi, Syikh Thaha Abdullah 
245 1 0 |a Petunjuk hidup berkualiti :   |b nasihat & peringatan Khulafaur Rasyidin bagi membina generasi yang gemilang dan terbilang   |c Syikh Thaha Abdullah al-Afifi 
260 |a Kuala Lumpur :   |b Jasmin Enterprise ,   |c 2005 
440 |a Penjana kemantapan rohani dan intelektual 
650 0 |a Muslims   |x Conduct of life 
650 0 |a Religious life   |x Islam 
999 |a 0001005307   |b Book   |c Adult Collection   |e Cawangan Kota Tinggi 
999 |a 0001005308   |b Book   |c Adult Collection   |e Perbadanan Perpustakaan Awam Johor 
999 |a 0001008470   |b Book   |c Adult Collection   |e Perbadanan Perpustakaan Awam Johor 
999 |a 0001008471   |b Book   |c Adult Collection   |e Cawangan Kota Tinggi 
999 |a 0001008472   |b Book   |c Adult Collection   |e Perbadanan Perpustakaan Awam Johor